Представление документа в формате RUSMARC

ПолеНазваниеЗначение
  Тип записи c
  Библиографический уровень m
001 Контрольный номер RU/УОНБ/EK_N/342966593
005 Дата корректировки 20251008154019.8
100 Данные общей обработки __
a Данные общей обработки 20101113g1966 u y0rusy0189 ca
101 Язык документа 0_
a Язык текста rus
c Язык оригинала rus
102 Страна публикации __
a Страна публикации RU
200 Заглавие и сведения об ответственности 1_
a Заглавие Концертные пьесы для баяна
210 Выходные данные 1_
a Место издания Москва
c Издательство Советский композитор
d Дата издания 1966-
215 Физическое описание __
d Формат 29 см
225 Серия 1_
a Серия Баян
686 Индексы других классификаций __
a Классификационный индекс 85
2 Код системы rubbk
801 Источник записи _0
a Страна RU
b Организация Ульяновская ОНБ
c Дата составления 20101113
g Правила каталогизации RCR
801 Источник записи _1
a Страна RU
b Организация Ульяновская ОНБ
c Дата составления 20101113
g Правила каталогизации RCR
901 Тип документа __
t Тип документа v
909 Создатель записи __
a Создатель записи Никитина Т. А.
938 Служебная информация __
a Имя БД noti
b Имя библиотеки УОНБ
c Имя АИБС МАРК-SQL
d Номер DOC_ID в БД 7961